[Event "Kongsberg-ch"]
[Site "Kongsberg"]
[Date "2020.11.23"]
[Round "6"]
[White "Slettum, Frode"]
[Black "Lurdalen, Svein Erik"]
[Result "0-1"]
[WhiteElo "1448"]
[BlackElo "1909"]
[PlyCount "92"]
[EventDate "2020.09.14"]
[EventType "swiss"]
[EventRounds "7"]
[EventCountry "NOR"]
[SourceTitle "EXT 2024"]
[Source "ChessBase"]
[SourceDate "2023.10.10"]
[SourceVersion "1"]
[SourceVersionDate "2023.10.10"]
[SourceQuality "1"]

1. e4 b6 2. d4 Bb7 3. Bd3 e6 4. Nc3 Bb4 5. Qg4 Nf6 6. Qe2 Nc6 7. Nf3 Bxc3+ 8. bxc3 Qe7 9. 0-0 0-0-0 10. a4 Na5 11. Ba3 d6 12. Ba6 g5 13. Ne5 Nd7 14. Bxb7+ Kxb7 15. Nd3 Nb8 16. e5 Qe8 17. Rab1 g4 18. Rb5 Nc4 19. Ra1 a5 20. Bc1 Qc6 21. Nc5+ dxc5 22. Qxc4 cxd4 23. Qxc6+ Nxc6 24. Bb2 d3 25. cxd3 Rxd3 26. c4 Nb4 27. c5 Rhd8 28. g3 Rd1+ 29. Kg2 Rxa1 30. Bxa1 Rd5 31. Bc3 Rxc5 32. Rxc5 bxc5 33. Kf1 Kc6 34. Ke2 Kd5 35. Kd2 Kc4 36. Ba1 Kb3 37. Bc3 Kxa4 38. Ke3 Kb3 39. Bd2 a4 40. Kf4 Nd3+ 41. Kg5 a3 42. Bf4 a2 43. Kf6 a1Q 44. Kxf7 Nxe5+ 45. Kxe6 Ng6 46. Bxc7 Qe1+ 0-1

[Event "Drammen Konnerud Autumn-A"]
[Site "Drammen"]
[Date "2020.09.02"]
[Round "9"]
[White "Lurdalen, Svein Erik"]
[Black "Marthinussen, Emma Viktoria Lia"]
[Result "1-0"]
[WhiteElo "1909"]
[BlackElo "1436"]
[PlyCount "57"]
[EventDate "2020.08.19"]
[EventType "tourn"]
[EventRounds "13"]
[EventCountry "NOR"]
[SourceTitle "EXT 2024"]
[Source "ChessBase"]
[SourceDate "2023.10.10"]
[SourceVersion "1"]
[SourceVersionDate "2023.10.10"]
[SourceQuality "1"]

1. e4 e5 2. f4 exf4 3. Bc4 Nc6 4. Nf3 Nf6 5. Nc3 d6 6. d4 Be7 7. 0-0 0-0 8. Bxf4 Bg4 9. Bb5 Re8 10. d5 a6 11. Be2 Bxf3 12. Rxf3 Ne5 13. Bxe5 dxe5 14. Qf1 Bc5+ 15. Kh1 Qd7 16. Rf5 Rab8 17. Rd1 b5 18. Rxf6 gxf6 19. d6 cxd6 20. Rd3 f5 21. Nd5 Qd8 22. Qxf5 Re6 23. Rh3 h6 24. Rg3+ Rg6 25. Rxg6+ fxg6 26. Qxg6+ Kf8 27. Qxh6+ Ke8 28. Bg4 Rb7 29. Qh8+ 1-0

[Event "Konnerud CC-ch"]
[Site "Konnerud"]
[Date "2019.03.06"]
[Round "6"]
[White "Lurdalen, Svein Erik"]
[Black "Rorvik, Jon Fredrik"]
[Result "1/2-1/2"]
[WhiteElo "1918"]
[BlackElo "2175"]
[PlyCount "40"]
[EventDate "2019.01.16"]
[EventType "swiss"]
[EventRounds "9"]
[EventCountry "NOR"]
[SourceTitle "EXT 2024"]
[Source "ChessBase"]
[SourceDate "2023.10.10"]
[SourceVersion "1"]
[SourceVersionDate "2023.10.10"]
[SourceQuality "1"]

1. d4 d5 2. c4 e6 3. Nc3 Nf6 4. cxd5 exd5 5. Bg5 Be7 6. Qc2 0-0 7. e3 Be6 8. Bd3 Nbd7 9. Nge2 Re8 10. 0-0 Nf8 11. f3 c6 12. Rae1 Rc8 13. Kh1 N6d7 14. Bxe7 Qxe7 15. Ng3 Qf6 16. Qd2 Qh6 17. Qf2 Nf6 18. b4 N6d7 19. Na4 Rc7 20. Rc1 Nb6 1/2-1/2

[Event "Konnerud CC-ch"]
[Site "Konnerud"]
[Date "2019.02.13"]
[Round "4"]
[White "Aure, Anders Nilsson"]
[Black "Lurdalen, Svein Erik"]
[Result "1/2-1/2"]
[WhiteElo "1774"]
[BlackElo "1918"]
[PlyCount "70"]
[EventDate "2019.01.16"]
[EventType "swiss"]
[EventRounds "9"]
[EventCountry "NOR"]
[SourceTitle "EXT 2024"]
[Source "ChessBase"]
[SourceDate "2023.10.10"]
[SourceVersion "1"]
[SourceVersionDate "2023.10.10"]
[SourceQuality "1"]

1. c4 e5 2. Nc3 Nf6 3. g3 c5 4. Bg2 Nc6 5. d3 Be7 6. Nh3 d6 7. 0-0 0-0 8. Rb1 Rb8 9. a3 a5 10. f4 Bd7 11. e4 Nd4 12. Bd2 Bg4 13. Qe1 Qd7 14. Ng5 b5 15. cxb5 h6 16. Nf3 Bxf3 17. Bxf3 Nxb5 18. b4 axb4 19. axb4 Nd4 20. bxc5 exf4 21. Rxb8 Rxb8 22. Bxf4 Rb2 23. cxd6 Bxd6 24. Bxd6 Qxd6 25. Nd5 Nxf3+ 26. Rxf3 Nxd5 27. exd5 Qb6+ 28. Qe3 Qb5 29. Rf2 Rb1+ 30. Kg2 Qxd5+ 31. Qf3 Qd7 32. Qa8+ Kh7 33. Qe4+ Kg8 34. Qa8+ Kh7 35. Qe4+ Kg8 1/2-1/2

[Event "Reykjavik op"]
[Site "Reykjavik"]
[Date "2015.03.13"]
[Round "5"]
[White "Lurdalen, Svein Erik"]
[Black "Hauksdottir, Hrund"]
[Result "0-1"]
[WhiteElo "1824"]
[BlackElo "1692"]
[PlyCount "78"]
[EventDate "2015.03.10"]
[EventType "swiss"]
[EventRounds "10"]
[EventCountry "ISL"]
[SourceTitle "CBM 165 Extra"]
[Source "ChessBase"]
[SourceDate "2015.04.21"]
[SourceVersion "1"]
[SourceVersionDate "2015.04.21"]
[SourceQuality "1"]

1. e4 e5 2. Nf3 Nc6 3. Bc4 Bc5 4. b4 Bxb4 5. c3 Ba5 6. d4 exd4 7. 0-0 Nf6 8. e5 d5 9. Bb5 Ne4 10. Nxd4 Bd7 11. Bxc6 bxc6 12. Qd3 0-0 13. Ba3 Re8 14. f3 Ng5 15. Nd2 Bb6 16. f4 Ne6 17. Kh1 Qh4 18. g3 Qh3 19. N2f3 Rad8 20. Qe2 Nxd4 21. cxd4 Bg4 22. Qd2 Qh5 23. Nh4 Bh3 24. Rfc1 Re6 25. Bb4 Rh6 26. Rc3 Qg4 27. Rg1 Re8 28. a4 a5 29. Ba3 f6 30. Re3 fxe5 31. fxe5 Bxd4 32. Rge1 Bxe3 33. Rxe3 Qxa4 34. Nf3 Qc4 35. Re1 Qb3 36. Re3 Qb1+ 37. Ng1 Bf5 38. h4 Be4+ 39. Kh2 Qc2 0-1

[Event "Kongsberg CC-ch"]
[Site "Skavanger"]
[Date "2013.02.19"]
[Round "2"]
[White "Rasmussen, Rolf"]
[Black "Lurdalen, Svein Erik"]
[Result "0-1"]
[WhiteElo "1477"]
[BlackElo "1699"]
[PlyCount "20"]
[EventDate "2013.01.22"]
[EventType "swiss"]
[EventRounds "7"]
[EventCountry "NOR"]
[SourceTitle "EXT 2024"]
[Source "ChessBase"]
[SourceDate "2023.10.10"]
[SourceVersion "1"]
[SourceVersionDate "2023.10.10"]
[SourceQuality "1"]

1. e4 c5 2. d4 cxd4 3. c3 dxc3 4. Nxc3 Nc6 5. Nf3 e6 6. Bc4 a6 7. 0-0 Qc7 8. Qe2 Nf6 9. Bg5 Ng4 10. Bh4 Nd4 0-1

[Event "Sandefjord MGP"]
[Site "Sandefjord"]
[Date "2003.10.19"]
[Round "4"]
[White "Bull, Haakon"]
[Black "Lurdalen, Svein Erik"]
[Result "0-1"]
[WhiteElo "1506"]
[BlackElo "1742"]
[PlyCount "88"]
[EventDate "2003.10.??"]
[EventType "swiss"]
[EventRounds "4"]
[EventCountry "NOR"]
[SourceTitle "EXT 2005"]
[Source "ChessBase"]
[SourceDate "2004.11.15"]
[SourceVersion "1"]
[SourceVersionDate "2004.11.15"]
[SourceQuality "1"]

1. e4 d5 2. exd5 Qxd5 3. Nc3 Qa5 4. d4 Nf6 5. Bc4 Bf5 6. Nf3 e6 7. 0-0 c6 8. Bd2 Bb4 9. a3 Bxc3 10. Bxc3 Qc7 11. Ne5 Nbd7 12. f4 Nd5 13. Qe2 N7f6 14. Bd3 Bxd3 15. Qxd3 0-0 16. Bd2 c5 17. c3 cxd4 18. Qxd4 Rfd8 19. Rad1 Ne7 20. Qe3 Nf5 21. Qf3 Qb6+ 22. Kh1 Qxb2 23. Bc1 Qb6 24. g4 Nh4 25. Qh3 Ng6 26. Nxg6 Qc6+ 27. Kg1 hxg6 28. Rde1 Rd7 29. f5 exf5 30. gxf5 gxf5 31. Qxf5 Rc8 32. Qh3 Qxc3 33. Re3 Qd4 34. Kh1 Qd5+ 35. Kg1 Qd4 36. Kh1 Ng4 37. Ref3 Rc2 38. Be3 Qe4 39. Kg1 Rd6 40. Qg3 Rg6 41. Qb8+ Kh7 42. Rg3 Qxe3+ 43. Rxe3 Nxe3+ 44. Kh1 Nxf1 0-1

[Event "NOR-chB op"]
[Site "Asker"]
[Date "2003.05.28"]
[Round "1"]
[White "Lurdalen, Svein Erik"]
[Black "Furnes, Torstein"]
[Result "0-1"]
[WhiteElo "1710"]
[BlackElo "1470"]
[PlyCount "92"]
[EventDate "2003.05.??"]
[EventType "swiss"]
[EventRounds "5"]
[EventCountry "NOR"]
[SourceTitle "EXT 2005"]
[Source "ChessBase"]
[SourceDate "2004.11.15"]
[SourceVersion "1"]
[SourceVersionDate "2004.11.15"]
[SourceQuality "1"]

1. e4 c5 2. Nc3 Nc6 3. g3 d6 4. Bg2 Nf6 5. d3 e6 6. f4 Be7 7. Nf3 0-0 8. Ne2 d5 9. e5 Ne8 10. 0-0 f6 11. exf6 Nxf6 12. c3 Bd6 13. d4 Bd7 14. Ne5 cxd4 15. cxd4 Bc7 16. h3 Nxe5 17. fxe5 Ne8 18. Rxf8+ Kxf8 19. b3 Bb6 20. Ba3+ Kg8 21. Qd3 Qg5 22. Rf1 Nc7 23. Qf3 Qf5 24. Qc3 Qxe5 25. Qb4 Qe3+ 26. Kh2 h6 27. Rf8+ Rxf8 28. Qxf8+ Kh7 29. Bf1 Bb5 30. Bc1 Qe4 31. Bxh6 Kxh6 32. Qh8+ Qh7 33. Qd8 Bxe2 34. Bxe2 Qf5 35. Qh4+ Kg6 36. g4 Qf4+ 37. Kg2 Qe4+ 38. Bf3 Qxd4 39. Qe1 e5 40. h4 Ne6 41. g5 Nf4+ 42. Kh1 Qe3 43. Qg3 e4 44. h5+ Kh7 45. g6+ Kh8 46. Qg4 Qxf3+ 0-1

[Event "NOR-Cup1 fin email"]
[Site "Norway"]
[Date "1999.??.??"]
[Round "?"]
[White "Lurdalen, Svein Erik"]
[Black "Lorentzen, Oystein"]
[Result "1/2-1/2"]
[WhiteElo "2107"]
[BlackElo "2261"]
[PlyCount "66"]
[EventDate "1999.??.??"]
[EventType "tourn (corr)"]
[EventRounds "10"]
[EventCountry "NOR"]
[SourceTitle "Corr 2002"]
[Source "ChessBase"]
[SourceDate "2002.05.23"]
[SourceVersion "1"]
[SourceVersionDate "2002.05.23"]
[SourceQuality "1"]

1. e4 e6 2. d4 d5 3. Nc3 Bb4 4. e5 c5 5. a3 Bxc3+ 6. bxc3 Ne7 7. Qg4 Qc7 8. Qxg7 Rg8 9. Qxh7 cxd4 10. Ne2 Nbc6 11. f4 Bd7 12. Qd3 dxc3 13. Nxc3 a6 14. Rb1 Na5 15. h4 Nf5 16. Rh3 0-0-0 17. h5 d4 18. Ne4 Bb5 19. Rxb5 axb5 20. Nf6 Rg3 21. Rxg3 Nxg3 22. h6 Nxf1 23. Kxf1 Rh8 24. h7 Qc3 25. Qxc3+ dxc3 26. f5 Nc4 27. fxe6 fxe6 28. Bh6 Nxa3 29. Bg7 Rxh7 30. Nxh7 Nxc2 31. Ke2 b4 32. Nf8 b5 33. Kd3 Ne1+ 1/2-1/2